000 00650nam a2200193Ii 4500
003 JO-AjNU
008 230605s9999||||xx |||||||||||||| ||und||
040 _aJO-AjNU
_bara
_erda
_cJO-AjNU
041 _aara
050 1 4 _aBF128.A7.M366 1982
100 3 _aمنسي، محمود عبد الحليم حامد,
_eauthor
_952623
245 0 0 _aقراءات في علم النفس
264 3 1 _aالاسكندرية: المكتب الجامعي الحديث، 1982
300 _a215ص
336 _atext
_btxt
_2rdacontent
337 _aunmediated
_bn
_2rdamedia
338 _avolume
_bnc
_2rdacarrier
650 4 _aعلم النفس التربوي
_952624
999 _aA23322
_c26890
_d26890